<?xml version="1.0" encoding="UTF-8"?>
<record
    xmlns:xsi="http://www.w3.org/2001/XMLSchema-instance"
    xsi:schemaLocation="http://www.loc.gov/MARC21/slim http://www.loc.gov/standards/marcxml/schema/MARC21slim.xsd"
    xmlns="http://www.loc.gov/MARC21/slim">

  <leader>02081nam a22003017a 4500</leader>
  <controlfield tag="001">1636</controlfield>
  <controlfield tag="003">FISKH</controlfield>
  <controlfield tag="005">20260428161421.0</controlfield>
  <controlfield tag="008">230912b        cb ||||| |||| 00| 0 khr d</controlfield>
  <datafield tag="020" ind1=" " ind2=" ">
    <subfield code="a">9789995054953</subfield>
  </datafield>
  <datafield tag="040" ind1=" " ind2=" ">
    <subfield code="a">FISKH </subfield>
    <subfield code="b">eng</subfield>
    <subfield code="c">FISKH </subfield>
    <subfield code="d">FISKH </subfield>
  </datafield>
  <datafield tag="082" ind1=" " ind2=" ">
    <subfield code="a">371.91</subfield>
  </datafield>
  <datafield tag="100" ind1=" " ind2=" ">
    <subfield code="a">Dary, Heng </subfield>
  </datafield>
  <datafield tag="245" ind1=" " ind2=" ">
    <subfield code="a">&#x179B;&#x17C4;&#x1780;&#x179F;&#x17D2;&#x179A;&#x17B8;&#x1780;&#x17BC;&#x1793; / </subfield>
    <subfield code="c">&#x17A0;&#x17C1;&#x1784; &#x178A;&#x17B6;&#x179A;&#x17B8; - &#x179A;&#x17BC;&#x1794;&#x1782;&#x17C6;&#x1793;&#x17BC;&#x179A; &#x17D6; &#x1785;&#x17B6;&#x1793;&#x17CB; &#x1796;&#x17B7;&#x179F;&#x17B8; </subfield>
  </datafield>
  <datafield tag="250" ind1=" " ind2=" ">
    <subfield code="a">&#x1794;&#x17C4;&#x17C7;&#x1796;&#x17BB;&#x1798;&#x17D2;&#x1796;&#x179B;&#x17BE;&#x1780;&#x1791;&#x17B8; &#x17E6; &#x1781;&#x17C2;&#x1792;&#x17D2;&#x1793;&#x17BC; &#x1786;&#x17D2;&#x1793;&#x17B6;&#x17C6; &#x17E2;&#x17E0;&#x17E2;&#x17E0;</subfield>
  </datafield>
  <datafield tag="260" ind1=" " ind2=" ">
    <subfield code="a">Phnom Penh : </subfield>
    <subfield code="b">Sipar, </subfield>
    <subfield code="c">2020.</subfield>
  </datafield>
  <datafield tag="300" ind1=" " ind2=" ">
    <subfield code="a">182 pages : </subfield>
    <subfield code="b">illustrations ; </subfield>
    <subfield code="c">19 cm</subfield>
  </datafield>
  <datafield tag="490" ind1=" " ind2=" ">
    <subfield code="a">&#x17A2;&#x1780;&#x17D2;&#x179F;&#x179A;&#x179F;&#x17B7;&#x179B;&#x17D2;&#x1794;&#x17CD;&#x1799;&#x17BB;&#x179C;&#x179C;&#x17D0;&#x1799;</subfield>
  </datafield>
  <datafield tag="505" ind1=" " ind2=" ">
    <subfield code="a">Z'
</subfield>
  </datafield>
  <datafield tag="520" ind1=" " ind2=" ">
    <subfield code="a">&#x179C;&#x17B6;&#x200B;&#x1782;&#x17BA;&#x200B;&#x1787;&#x17B6;&#x200B;&#x17A2;&#x1780;&#x17D2;&#x179F;&#x179A;&#x179F;&#x17B7;&#x179B;&#x17D2;&#x1794;&#x17CD;&#x200B;&#x1799;&#x17BB;&#x179C;&#x179C;&#x17D0;&#x1799;&#x200B;&#x178A;&#x17C6;&#x1794;&#x17BC;&#x1784;&#x200B;&#x1782;&#x17C1;&#x200B;&#x178A;&#x17C2;&#x179B;&#x200B;&#x179A;&#x17C0;&#x1794;&#x179A;&#x17B6;&#x1794;&#x17CB;&#x200B;&#x1796;&#x17B8;&#x200B;&#x1787;&#x17B8;&#x179C;&#x17B7;&#x178F;&#x200B;&#x179A;&#x1794;&#x179F;&#x17CB;&#x200B;&#x1796;&#x17BD;&#x1780;&#x1782;&#x17C1; &#x1780;&#x17B6;&#x179A;&#x200B;&#x179C;&#x17B7;&#x179C;&#x178F;&#x17D2;&#x178F;&#x1793;&#x17CD;&#x200B;&#x179A;&#x17B6;&#x1784;&#x1780;&#x17B6;&#x1799; &#x1793;&#x17B7;&#x1784;&#x200B;&#x1780;&#x17B6;&#x179A;&#x200B;&#x1794;&#x17D2;&#x179A;&#x17B6;&#x179F;&#x17D2;&#x179A;&#x17D0;&#x1799;&#x200B;&#x1791;&#x17B6;&#x1780;&#x17CB;&#x1791;&#x1784;&#x200B;&#x178A;&#x17CF;&#x200B;&#x1791;&#x17C6;&#x1793;&#x17BE;&#x1794;&#x200B;&#x1787;&#x17B6;&#x1798;&#x17BD;&#x1799;&#x200B;&#x17AA;&#x1796;&#x17BB;&#x1780;&#x1798;&#x17D2;&#x178A;&#x17B6;&#x1799;&#x17D4; &#x1794;&#x17D2;&#x179A;&#x179B;&#x17C4;&#x1798;&#x179B;&#x17C4;&#x1780;&#x200B;&#x1793;&#x17C1;&#x17C7;&#x200B;&#x1780;&#x17CF;&#x200B;&#x1787;&#x17BD;&#x1799;&#x200B;&#x17AA;&#x1796;&#x17BB;&#x1780;&#x1798;&#x17D2;&#x178F;&#x17B6;&#x1799;&#x200B;&#x17B1;&#x17D2;&#x1799;&#x200B;&#x1799;&#x179B;&#x17CB;&#x200B;&#x1796;&#x17B8;&#x200B;&#x1782;&#x17C4;&#x179B;&#x1782;&#x17C6;&#x1793;&#x17B7;&#x178F;&#x200B;&#x179A;&#x1794;&#x179F;&#x17CB;&#x200B;&#x1799;&#x17BB;&#x179C;&#x1787;&#x1793;&#x200B;&#x1795;&#x1784;&#x178A;&#x17C2;&#x179A; &#x178A;&#x17BE;&#x1798;&#x17D2;&#x1794;&#x17B8;&#x200B;&#x17B1;&#x17D2;&#x1799;&#x200B;&#x1796;&#x17BD;&#x1780;&#x1782;&#x17C1;&#x200B;&#x17A2;&#x17B6;&#x1785;&#x200B;&#x178A;&#x17C4;&#x17C7;&#x179F;&#x17D2;&#x179A;&#x17B6;&#x1799;&#x200B;&#x1794;&#x1789;&#x17D2;&#x17A0;&#x17B6;&#x200B;&#x1794;&#x17B6;&#x1793;&#x200B;&#x178A;&#x17C4;&#x1799;&#x200B;&#x179F;&#x17BB;&#x1781;&#x178A;&#x17BB;&#x1798;&#x200B;&#x17D4;</subfield>
  </datafield>
  <datafield tag="520" ind1=" " ind2=" ">
    <subfield code="a">It is the first youth literature which describes their lives, physical evolution and sophisticated communication with parents. This novel also helps parents to understand youth concepts, so that they can solve the problems harmoniously. </subfield>
  </datafield>
  <datafield tag="521" ind1="8" ind2=" ">
    <subfield code="a">920
</subfield>
    <subfield code="b">Lexile estimate
</subfield>
  </datafield>
  <datafield tag="521" ind1="8" ind2=" ">
    <subfield code="a">Z'
</subfield>
    <subfield code="b">Raz-Plus
</subfield>
  </datafield>
  <datafield tag="650" ind1=" " ind2=" ">
    <subfield code="a">&#x1799;&#x17BB;&#x179C;&#x179C;&#x17D0;&#x1799;  </subfield>
    <subfield code="v">&#x1794;&#x17D2;&#x179A;&#x179B;&#x17C4;&#x1798;&#x179B;&#x17C4;&#x1780; </subfield>
    <subfield code="x">&#x17AA;&#x1796;&#x17BB;&#x1780;&#x1798;&#x17D2;&#x178A;&#x17B6;&#x1799; </subfield>
    <subfield code="y">&#x1785;&#x17B7;&#x1789;&#x17D2;&#x1785;&#x17B9;&#x1798; </subfield>
  </datafield>
  <datafield tag="650" ind1=" " ind2=" ">
    <subfield code="a">Youth </subfield>
    <subfield code="v">Novel </subfield>
    <subfield code="x">Parents </subfield>
    <subfield code="y">Feed </subfield>
  </datafield>
  <datafield tag="700" ind1=" " ind2=" ">
    <subfield code="a">Pisey, Chan </subfield>
    <subfield code="e">illustrator </subfield>
  </datafield>
  <datafield tag="942" ind1=" " ind2=" ">
    <subfield code="2">ddc</subfield>
    <subfield code="c">KHB</subfield>
    <subfield code="n">0</subfield>
  </datafield>
  <datafield tag="999" ind1=" " ind2=" ">
    <subfield code="c">1636</subfield>
    <subfield code="d">1636</subfield>
  </datafield>
  <datafield tag="952" ind1=" " ind2=" ">
    <subfield code="0">0</subfield>
    <subfield code="1">0</subfield>
    <subfield code="2">ddc</subfield>
    <subfield code="4">0</subfield>
    <subfield code="7">0</subfield>
    <subfield code="8">KH</subfield>
    <subfield code="a">001</subfield>
    <subfield code="b">001</subfield>
    <subfield code="c">KHRS</subfield>
    <subfield code="d">2023-09-12</subfield>
    <subfield code="l">0</subfield>
    <subfield code="o">DAR 371.91</subfield>
    <subfield code="p">2023-0583</subfield>
    <subfield code="r">2023-09-12 10:25:59</subfield>
    <subfield code="t">1</subfield>
    <subfield code="w">2023-09-12</subfield>
    <subfield code="y">KHB</subfield>
  </datafield>
  <datafield tag="952" ind1=" " ind2=" ">
    <subfield code="0">0</subfield>
    <subfield code="1">0</subfield>
    <subfield code="2">ddc</subfield>
    <subfield code="4">0</subfield>
    <subfield code="7">0</subfield>
    <subfield code="8">KH</subfield>
    <subfield code="a">001</subfield>
    <subfield code="b">001</subfield>
    <subfield code="c">KHRS</subfield>
    <subfield code="d">2023-09-12</subfield>
    <subfield code="l">1</subfield>
    <subfield code="o">DAR 371.91</subfield>
    <subfield code="p">2023-0584</subfield>
    <subfield code="r">2026-01-05 11:12:51</subfield>
    <subfield code="s">2025-11-10</subfield>
    <subfield code="t">2</subfield>
    <subfield code="w">2023-09-12</subfield>
    <subfield code="y">KHB</subfield>
  </datafield>
  <datafield tag="952" ind1=" " ind2=" ">
    <subfield code="0">0</subfield>
    <subfield code="1">0</subfield>
    <subfield code="2">ddc</subfield>
    <subfield code="4">0</subfield>
    <subfield code="7">0</subfield>
    <subfield code="8">KH</subfield>
    <subfield code="a">001</subfield>
    <subfield code="b">001</subfield>
    <subfield code="c">KHRS</subfield>
    <subfield code="d">2023-09-12</subfield>
    <subfield code="l">0</subfield>
    <subfield code="o">DAR 371.91</subfield>
    <subfield code="p">FISTK05118</subfield>
    <subfield code="r">2023-10-10 08:32:22</subfield>
    <subfield code="t">3</subfield>
    <subfield code="w">2023-09-12</subfield>
    <subfield code="y">KHB</subfield>
  </datafield>
  <datafield tag="952" ind1=" " ind2=" ">
    <subfield code="0">0</subfield>
    <subfield code="1">0</subfield>
    <subfield code="2">ddc</subfield>
    <subfield code="4">0</subfield>
    <subfield code="7">0</subfield>
    <subfield code="8">KH</subfield>
    <subfield code="a">002</subfield>
    <subfield code="b">001</subfield>
    <subfield code="c">TTP Khmer</subfield>
    <subfield code="d">2023-09-12</subfield>
    <subfield code="l">4</subfield>
    <subfield code="m">1</subfield>
    <subfield code="o">DAR 371.91</subfield>
    <subfield code="p">FISTK05119</subfield>
    <subfield code="r">2025-12-01 09:49:23</subfield>
    <subfield code="s">2025-11-10</subfield>
    <subfield code="t">4</subfield>
    <subfield code="w">2023-09-12</subfield>
    <subfield code="y">KHB</subfield>
  </datafield>
  <datafield tag="952" ind1=" " ind2=" ">
    <subfield code="0">0</subfield>
    <subfield code="1">0</subfield>
    <subfield code="2">ddc</subfield>
    <subfield code="4">0</subfield>
    <subfield code="7">0</subfield>
    <subfield code="8">KH</subfield>
    <subfield code="a">002</subfield>
    <subfield code="b">002</subfield>
    <subfield code="c">SKB</subfield>
    <subfield code="d">2023-09-12</subfield>
    <subfield code="l">2</subfield>
    <subfield code="o">DAR 371.91</subfield>
    <subfield code="p">FIS05159</subfield>
    <subfield code="r">2026-03-31 14:58:38</subfield>
    <subfield code="s">2026-03-02</subfield>
    <subfield code="t">5</subfield>
    <subfield code="w">2023-09-12</subfield>
    <subfield code="y">KHB</subfield>
  </datafield>
  <datafield tag="952" ind1=" " ind2=" ">
    <subfield code="0">0</subfield>
    <subfield code="1">0</subfield>
    <subfield code="2">ddc</subfield>
    <subfield code="4">0</subfield>
    <subfield code="7">0</subfield>
    <subfield code="8">KH</subfield>
    <subfield code="a">002</subfield>
    <subfield code="b">002</subfield>
    <subfield code="c">TTP Khmer</subfield>
    <subfield code="d">2025-03-27</subfield>
    <subfield code="l">0</subfield>
    <subfield code="o">DAR 371.91</subfield>
    <subfield code="p">FISSE01517</subfield>
    <subfield code="r">2025-03-27 10:16:02</subfield>
    <subfield code="t">6</subfield>
    <subfield code="w">2025-03-27</subfield>
    <subfield code="y">KHB</subfield>
  </datafield>
  <datafield tag="952" ind1=" " ind2=" ">
    <subfield code="0">0</subfield>
    <subfield code="1">0</subfield>
    <subfield code="2">ddc</subfield>
    <subfield code="4">0</subfield>
    <subfield code="7">0</subfield>
    <subfield code="8">KH</subfield>
    <subfield code="a">002</subfield>
    <subfield code="b">002</subfield>
    <subfield code="c">TTP Khmer</subfield>
    <subfield code="d">2025-03-27</subfield>
    <subfield code="l">0</subfield>
    <subfield code="o">DAR 371.91</subfield>
    <subfield code="p">2025-0847</subfield>
    <subfield code="r">2025-03-27 10:17:07</subfield>
    <subfield code="t">7</subfield>
    <subfield code="w">2025-03-27</subfield>
    <subfield code="y">KHB</subfield>
  </datafield>
  <datafield tag="952" ind1=" " ind2=" ">
    <subfield code="0">0</subfield>
    <subfield code="1">0</subfield>
    <subfield code="2">ddc</subfield>
    <subfield code="4">0</subfield>
    <subfield code="7">0</subfield>
    <subfield code="8">KH</subfield>
    <subfield code="a">002</subfield>
    <subfield code="b">002</subfield>
    <subfield code="c">TTP Khmer</subfield>
    <subfield code="d">2025-03-27</subfield>
    <subfield code="l">1</subfield>
    <subfield code="o">DAR 371.91</subfield>
    <subfield code="p">2025-0851</subfield>
    <subfield code="r">2026-03-17 08:07:37</subfield>
    <subfield code="s">2026-03-04</subfield>
    <subfield code="t">8</subfield>
    <subfield code="w">2025-03-27</subfield>
    <subfield code="y">KHB</subfield>
  </datafield>
  <datafield tag="952" ind1=" " ind2=" ">
    <subfield code="0">0</subfield>
    <subfield code="1">0</subfield>
    <subfield code="2">ddc</subfield>
    <subfield code="4">0</subfield>
    <subfield code="7">0</subfield>
    <subfield code="8">KH</subfield>
    <subfield code="a">002</subfield>
    <subfield code="b">002</subfield>
    <subfield code="c">SKB</subfield>
    <subfield code="d">2025-03-27</subfield>
    <subfield code="l">0</subfield>
    <subfield code="o">DAR 371.91</subfield>
    <subfield code="p">FIS05161</subfield>
    <subfield code="r">2025-03-27 10:41:47</subfield>
    <subfield code="t">9</subfield>
    <subfield code="w">2025-03-27</subfield>
    <subfield code="y">KHB</subfield>
  </datafield>
  <datafield tag="952" ind1=" " ind2=" ">
    <subfield code="0">0</subfield>
    <subfield code="1">0</subfield>
    <subfield code="2">ddc</subfield>
    <subfield code="4">0</subfield>
    <subfield code="7">0</subfield>
    <subfield code="8">KH</subfield>
    <subfield code="a">002</subfield>
    <subfield code="b">002</subfield>
    <subfield code="c">SKB</subfield>
    <subfield code="d">2025-03-27</subfield>
    <subfield code="l">0</subfield>
    <subfield code="o">DAR 371.91</subfield>
    <subfield code="p">FIS05160</subfield>
    <subfield code="r">2025-03-27 10:45:51</subfield>
    <subfield code="t">10</subfield>
    <subfield code="w">2025-03-27</subfield>
    <subfield code="y">KHB</subfield>
  </datafield>
  <datafield tag="952" ind1=" " ind2=" ">
    <subfield code="0">0</subfield>
    <subfield code="1">0</subfield>
    <subfield code="2">ddc</subfield>
    <subfield code="4">0</subfield>
    <subfield code="7">0</subfield>
    <subfield code="8">KH</subfield>
    <subfield code="a">002</subfield>
    <subfield code="b">002</subfield>
    <subfield code="c">SKB</subfield>
    <subfield code="d">2025-04-09</subfield>
    <subfield code="l">0</subfield>
    <subfield code="o">DAR 371.91</subfield>
    <subfield code="p">FISSE02374</subfield>
    <subfield code="r">2025-04-09 10:56:04</subfield>
    <subfield code="t">11</subfield>
    <subfield code="w">2025-04-09</subfield>
    <subfield code="y">KHB</subfield>
  </datafield>
  <datafield tag="952" ind1=" " ind2=" ">
    <subfield code="0">0</subfield>
    <subfield code="1">0</subfield>
    <subfield code="2">ddc</subfield>
    <subfield code="4">0</subfield>
    <subfield code="7">0</subfield>
    <subfield code="8">KH</subfield>
    <subfield code="a">002</subfield>
    <subfield code="b">002</subfield>
    <subfield code="c">SKB</subfield>
    <subfield code="d">2026-03-26</subfield>
    <subfield code="l">1</subfield>
    <subfield code="o">DAR 371.91</subfield>
    <subfield code="p">2026-0380</subfield>
    <subfield code="q">2026-04-15</subfield>
    <subfield code="r">2026-04-01 08:13:23</subfield>
    <subfield code="s">2026-04-01</subfield>
    <subfield code="t">12</subfield>
    <subfield code="w">2026-03-26</subfield>
    <subfield code="y">KHB</subfield>
  </datafield>
  <datafield tag="952" ind1=" " ind2=" ">
    <subfield code="0">0</subfield>
    <subfield code="1">0</subfield>
    <subfield code="2">ddc</subfield>
    <subfield code="4">0</subfield>
    <subfield code="7">0</subfield>
    <subfield code="8">KH</subfield>
    <subfield code="a">002</subfield>
    <subfield code="b">002</subfield>
    <subfield code="c">SKB</subfield>
    <subfield code="d">2026-04-09</subfield>
    <subfield code="l">0</subfield>
    <subfield code="o">DAR 371.91</subfield>
    <subfield code="p">2026-0479</subfield>
    <subfield code="r">2026-04-09 11:09:51</subfield>
    <subfield code="t">13</subfield>
    <subfield code="w">2026-04-09</subfield>
    <subfield code="y">KHB</subfield>
  </datafield>
</record>
